| 000 | 00648nam a2200193Ia 4500 | ||
|---|---|---|---|
| 003 | GCL | ||
| 008 | 140319s9999 xx 000 0 ara d | ||
| 040 |
_aGCL / _cGCL |
||
| 082 | 0 | 4 |
_a641.7 _bص م |
| 100 | 1 | _aصديقة يوسف محمود | |
| 245 | 1 | 0 |
_aالماكولات البحرية / _cصديقة يوسف محمود |
| 700 | 1 | _aمحمود عبدالحميد عبدالفتاح | |
| 260 |
_a[S.N] : _bدار الكتاب المصرى ، _c1994 |
||
| 300 | _a16 ص | ||
| 490 |
_aالمطبخ الميسر - دائرة معارف الطبخ _v0 |
||
| 650 | 0 | 4 | _aالاقتصاد المنزلى |
| 650 | 0 | 4 | _aالطهى |
| 942 |
_2ddc _cBK |
||
| 999 |
_c38202 _d38202 |
||